| 000 | 00539nam a2200229Ia 4500 | ||
|---|---|---|---|
| 005 | 20250425161925.0 | ||
| 008 | 250425s9999 xx 000 0 und d | ||
| 041 | _aspa | ||
| 082 | _a332.1 | ||
| 100 | _aDERMINE, JEAN | ||
| 245 | 0 | _aRISK MANAGEMENT IN BANKING, RECENT DEVELOPMENTS | |
| 250 | _a1A ED. | ||
| 260 |
_aEstados Unidos _bINSEAD _c1999 |
||
| 260 | _aNEW YORK | ||
| 300 | _a120 | ||
| 650 | _aBANCA | ||
| 650 | _aCONTROL | ||
| 650 | _aDIRECCION | ||
| 650 | _aOPERACIONES BANCARIAS | ||
| 942 | _c01 | ||
| 010 | _a35066 | ||
| 999 |
_c218935 _d218935 |
||